| 000 | 00547nam a2200181Ia 4500 | ||
|---|---|---|---|
| 003 | GCL | ||
| 008 | 140319s9999 xx 000 0 ara d | ||
| 040 |
_aGCL / _cGCL |
||
| 082 | 0 | 4 |
_a415.5 _bا ق |
| 100 | 1 | _aاحمد عبدالعظيم عبدالغنى | |
| 245 | 1 | 0 |
_aقضايا صرفية / _cاحمد عبدالعظيم عبدالغنى |
| 260 |
_a[S.N] : _bدار الثقافة للنشر والتوزيع ، _c1990 |
||
| 300 | _a79 ص | ||
| 490 | _a | ||
| 650 | 0 | 4 | _aاللغة العربية |
| 650 | 0 | 4 | _aالصرف |
| 942 |
_2ddc _cBK |
||
| 999 |
_c32509 _d32509 |
||